000 00502nam a22001937a 4500
003 MPLRDC
005 20220104153254.0
008 210129b ||||| |||| 00| 0 eng d
020 _a7-5325-1405-6
082 _a083.6 SDXL v.16
100 _a庄辉明、李向平、李朝远著
245 _a十大江湖
_c
250 _a初版
260 _a
_b上海古籍出版社
_c1992
300 _b
490 _a十大系列丛刊
650 _a现代丛书--通俗用
942 _cBK
_o083.6 SDXL v.16
999 _c53356
_d53346